[ Educación superior en Costa Rica] /
Enregistré dans:
| Auteur principal: | |
|---|---|
| Format: | Texte |
| Sujets: | |
| Tags: |
Ajouter un tag
Pas de tags, Soyez le premier à ajouter un tag!
|
MARC
| LEADER | 00000 a a2200000 04500 | ||
|---|---|---|---|
| 001 | 3760 | ||
| 003 | |||
| 040 | |||
| 100 | |a Masís Bermúdez, José Andrés | ||
| 245 | |a [ Educación superior en Costa Rica] / |c José Andrés Masís Bermúdez | ||
| 650 | |a EDUCACION | ||
| 650 | |a SISTEMAS DE ENSEÑANZA | ||
| 650 | |a ENSEÑANZA SUPERIOR | ||
| 650 | |a GRADUADOS | ||
| 773 | |g número 38; páginas 5-12 | ||
| 999 | |c 25378 |d 25378 | ||
